000 00620nam a2200217 a 4500
005 20210219153441.0
008 991125n 000 0 u
035 _aUPN01000100526
100 _aClarizio, Harvey F.
222 _aPSYCHOLOGY IN THE SCHOOLS
245 _aSocial maladjustment and emotional disturbance : problems and positions II
300 _a331-341
362 _a29, No. 4, 1992
505 _aMayo 1993
653 0 _aADAPTACION SOCIAL
653 0 _aAPODAR A LAS PERSONAS
653 0 _aDIAGNOSTICO EDUCATIVO
653 0 _aTRASTORNOS EMOCIONALES
904 _aAC
_b038337
905 _aArticulo
999 _c77176
_d77176